000 00851cam a22002535a 4500
001 L157985
008 130926s2013 xxk f 000 0 eng d
020 _a9781611900620
035 _a(Sirsi) u157985
041 0 _aeng
050 0 4 _a711.58 20
100 1 _aRouse, David
245 0 0 _aGreen Infrastructure
_bA Landscape Approach
260 _aChicago
_bAmerican Planning Association
_c2013
300 _a158p, 28cm
490 _aAmerican Planning Association Planning Advisory Service Report Number 571
520 _aReport highlights the benefits of green infrastructure and shows how it can help produce clean air and water, reduce flooding and moderate the climate.
590 _aKA
651 4 _aUnited States
690 _aInfrastructure
_96246
690 _aSustainability
_96271
700 1 _aBunster-Ossa, Ignacio
942 _n0
999 _c115055
_d115055